| 000 | 00618nam a22001811cc4500 | ||
|---|---|---|---|
| 001 | a987675795+Tom2 | ||
| 035 | _aa987675795 | ||
| 008 | 170707s2010 gw |||| 000u rus d | ||
| 020 |
_a9785824314212 _9978-5-8243-1421-2 |
||
| 245 | 0 | 0 |
_aNacionalizm v pozdne- i postkommunističeskoj Evrope _nTom 2 _pNacionalizm v nacional'nych gosudarstvach |
| 264 |
_aMoskva : _bROSSPEN, _c2010 |
||
| 300 | _a695 S. | ||
| 246 | 1 | 2 |
_aNacionalizm v pozdne- i postkommunističeskoj Evrope. Nacionalizm v nacional'nych gosudarstvach _nTom 2 |
| 773 | 0 | 8 |
_wa987675795 _qTom2 |
| 942 | _cMG | ||
| 040 | _cRU-10907106 | ||
| 003 | RU-10907106 | ||
| 999 |
_c45487 _d45487 |
||